000 00484nam a2200193Ia 4500
008 140306s9999 xx 000 0 und d
020 _a007460029X
041 _aeng
082 _a657.45
_bBAT/TE
100 _aBagardua, J C
245 _aText book of auditing
260 _aNew Delhi
_bTata Mc Graw -Hill Publishing Company Limited
_c1992
300 _a463
365 _bRs.90
650 _aAudit report
650 _aCost audit
700 _aBatra, V K
942 _2ddc
_cBK
999 _c184803
_d184803